000 01155nam0a22003011 4500
001 rc\4851837
005 20250613020226.0
021 _aRU
_b[57-40274]
035 _a(NLR Aleph) 008899579
090 _a8694335
_c8694335
100 _a20130426d1957 |||y0rusy50 ca
101 1 _arus
_cpol
102 _aRU
105 _aab z |||a|
200 1 _aЛюди великой отваги
_eРассказы о польских путешественниках
_e[Пер. с пол.]
210 _aМосква
_cГеографгиз
_d1957
215 _a300 с.
_cил., карт.
_d20
300 _aНа обороте тит. л.: Jadwiga Chudzikowska, Jan Jaster. Ludzie wielkiej przygody. Warszawa. 1955
517 0 _aLudzie wielkiej przygody
606 _aГеографические открытия и исследования, польские
_z18-19 вв.
_2psbo
606 _aПутешественники, польские
_2psbo
700 1 _aХудзиковская
_bЯ.
_gЯдвига
701 1 _aЯстер
_bЯ.
_gЯн
801 0 _aRU
_bNLR
_gpsbo
801 1 _aRU
_bELAR
_2rusmarc
852 _aNLR
_j57-3/3050
942 _cBOOK
980 _aNB